| 000 | 00000nas##2200000za#4500 |
| 001 | 9.506470 |
| 003 | CaOODSP |
| 005 | 20240527135424 |
| 007 | cr ||||||||||| |
| 008 | 150406c2005||||xxc|| p o||||f| |0eng|d |
| 040 | |aCaOODSP|beng |
| 043 | |an-cn--- |
| 086 | 1 |aCW70-17E-PDF |
| 110 | 2 |aCanadian Wildlife Service. |
| 245 | 10|aRENEW annual report : |h[electronic resource]|bRecovery of Nationally Endangered Wildlife / |c[issued by the] Canadian Endangered Species Conservation Council. |
| 260 | |aOttawa - Ontario : |bEnvironment Canada. |
| 310 | |aAnnual |
| 362 | 1 |a[No.] 15 (2004-2005) -[no.] 16 (2005-2006). |
| 690 | 07|aEndangered species|2gcpds |
| 775 | 08|tRapport annuel du RESCAPÉ : |w(CaOODSP)9.502865 |
| 780 | 00|tRENEW annual report - Recovery of Nationally Endangered Wildlife / |w(CaOODSP)9.500573 |